Statistics for Top 10 NBA 2019 Most Underpaid Players

Click here to take the quiz!

General Stats

  • This quiz has been taken 35 times
  • The average score is 3 of 10

Answer Stats

#PlayerCap FigureExpected% Correct
3James Harden$30,421,854$58,499,497
71%
1Giannis Antetokounmpo$24,157,303$53,650,053
68%
6Nikola Jokic$25,036,216$46,331,443
65%
8Clint Capela$15,293,103$34,528,827
39%
2Rudy Gobert$23,491,573$52,573,497
35%
4Nikola Vucevic$13,250,000$37,442,443
29%
9Malcolm Brogdon$1,544,951$19,871,853
16%
7Montrezl Harrell$6,000,000$27,141,080
13%
10JaVale McGee$1,512,601$19,447,157
6%
5Mitchell Robinson$1,485,440$23,595,357
6%

Score Distribution

Percentile by Number Answered

Percent of People with Each Score

Your Score History

You have not taken this quiz